000 00444nab a2200145Ia 4500
003 ES-SlBCS
005 20210601131743.0
008 140529s1932 xxu||||| |||| 00| 0 fre d
041 _afre
100 1 _aMaillet, Germaine
_9188537
245 0 0 _aL'art religieuse après le Concile de Trente
_c Germaine Maillet
650 0 4 _aArte Religioso
_91640
773 0 _tVie Intelectuelle (La)
_gvol. 18, nº. 3, 1932, págs. 529-533
_wRev907
942 _cAR
999 _c568226
_d568226